00421nam a2200157Ia 4500008004100000020001500041041001200056082002200068100003100090245004800121250001200169260003300181300001200214500002700226650001000253231217s9999 xx 000 0 und d a8178812878 aEnglish a658.404 KES;1 R aKesiraju, Krishnaphani ed. 0aProject management : strategic perspectives a1st ed. c2004bICFAI PressaHyderabad axi, 158 aContent page available aICFAI